000 00609nam a2200181Ia 4500
008 090711s9999 xx 000 0 und d
082 _b738
100 _aलॉपिअरे डॉमनक
245 _aसिटी ऑफ जॉय
260 _bमहेता पब्लिकेशन हाऊस
_c1997
300 _a512
600 _aलॉपिअरे डॉमनक
630 _aसिटी ऑफ जॉय
700 _aकुलकर्णी अनिल र.
700 _aलॉपिअरे डॉमनक
730 _aसिटी ऑफ जॉय
942 _cBOOK
999 _c324230
_d324230